[Event "CAN-ch U12"]
[Site "Windsor"]
[Date "2016.07.07"]
[Round "4.55"]
[White "Tanaka, Taira Tyler"]
[Black "Du, Robert"]
[Result "1-0"]
[WhiteElo "1583"]
[BlackElo "1383"]
[PlyCount "125"]
[EventDate "2016.07.05"]
[EventType "swiss"]
[EventRounds "7"]
[EventCountry "CAN"]
[SourceTitle "EXT 2022"]
[Source "ChessBase"]
[SourceDate "2021.10.06"]
[SourceVersion "1"]
[SourceVersionDate "2021.10.06"]
[SourceQuality "1"]

1. e4 c5 2. Nf3 Nc6 3. d4 cxd4 4. Nxd4 g6 5. Nc3 Bg7 6. Be3 d6 7. f3 Nf6 8. Qd2 0-0 9. Bc4 a6 10. Bb3 Qc7 11. 0-0-0 Bd7 12. Kb1 Rad8 13. g4 e5 14. Nde2 Be6 15. Nd5 Bxd5 16. Bxd5 Nxd5 17. Qxd5 Ne7 18. Qb3 b5 19. Nc3 Ra8 20. Bg5 h6 21. Bxe7 Qxe7 22. Nd5 Qe6 23. Rd3 Rfd8 24. Rhd1 Bf8 25. c3 Ra7 26. Kc2 Kg7 27. Nb4 Qxb3+ 28. Kxb3 Raa8 29. Rd5 Re8 30. R5d2 Red8 31. Nd5 Ra7 32. Ra1 a5 33. a3 Be7 34. a4 Bg5 35. Rdd1 bxa4+ 36. Rxa4 Bf4 37. h3 Bg3 38. Rda1 Rda8 39. Kc2 Bf2 40. b4 axb4 41. Rxa7 Rxa7 42. Rxa7 Bxa7 43. cxb4 Bd4 44. Kb3 Kf8 45. Kc4 Ke8 46. Kb5 Kd7 47. h4 Bf2 48. h5 gxh5 49. Nf6+ Kc7 50. Nxh5 Be3 51. Nf6 Bg5 52. Nd5+ Kb7 53. Ka5 Bd8+ 54. Kb5 Bg5 55. Nc3 Kc7 56. Ka6 Kb8 57. Kb6 Kc8 58. Kc6 Be7 59. Nd5 Bf8 60. Ne3 d5 61. exd5 Bxb4 62. Nf5 Bd2 63. d6 1-0

[Event "CAN-ch U12"]
[Site "Windsor"]
[Date "2016.07.06"]
[Round "3.64"]
[White "Du, Robert"]
[Black "Quinlan, Jamie"]
[Result "1-0"]
[WhiteElo "1383"]
[BlackElo "877"]
[PlyCount "41"]
[EventDate "2016.07.05"]
[EventType "swiss"]
[EventRounds "7"]
[EventCountry "CAN"]
[SourceTitle "EXT 2022"]
[Source "ChessBase"]
[SourceDate "2021.10.06"]
[SourceVersion "1"]
[SourceVersionDate "2021.10.06"]
[SourceQuality "1"]

1. e4 e5 2. Nf3 Nc6 3. Bc4 Bc5 4. c3 Nf6 5. d4 exd4 6. cxd4 Bb4+ 7. Nc3 d6 8. 0-0 Qe7 9. Nd5 Nxd5 10. exd5 Na5 11. Qa4+ c6 12. Qxb4 Nxc4 13. Re1 Ne5 14. dxe5 0-0 15. exd6 Qf6 16. Bg5 Qf5 17. Qe4 Qxe4 18. Rxe4 Bf5 19. Rd4 Rfe8 20. dxc6 bxc6 21. Rd2 1-0

[Event "CAN-ch U12"]
[Site "Windsor"]
[Date "2015.07.07"]
[Round "3.72"]
[White "Du, Robert"]
[Black "Cyrenne, Cole"]
[Result "1-0"]
[WhiteElo "1155"]
[BlackElo "515"]
[PlyCount "133"]
[EventDate "2015.07.06"]
[EventType "swiss"]
[EventRounds "7"]
[EventCountry "CAN"]
[SourceTitle "EXT 2022"]
[Source "ChessBase"]
[SourceDate "2021.10.06"]
[SourceVersion "1"]
[SourceVersionDate "2021.10.06"]
[SourceQuality "1"]

1. e4 e5 2. Nf3 Nc6 3. Bb5 a6 4. Ba4 b5 5. Bb3 Nf6 6. d3 Bc5 7. h3 d6 8. a3 0-0 9. 0-0 h6 10. Nc3 Re8 11. Be3 Bxe3 12. fxe3 Bd7 13. Re1 Rb8 14. Qd2 a5 15. Nd5 a4 16. Nxf6+ Qxf6 17. Bd5 Ne7 18. d4 Nxd5 19. dxe5 dxe5 20. Qxd5 Bc6 21. Qd3 Rbd8 22. Qe2 Bxe4 23. c3 Bxf3 24. gxf3 Qg6+ 25. Kh2 e4 26. fxe4 Rxe4 27. Qxb5 Rd2+ 28. Re2 Qd6+ 29. Kg1 Qg3+ 30. Kf1 Qf3+ 31. Ke1 c6 32. Qb8+ Kh7 33. Kxd2 Qxh3 34. Qh2 Qd7+ 35. Kc2 Qd5 36. Qg2 Qb3+ 37. Kc1 f5 38. Qf3 g6 39. Rg2 Rh4 40. Qf2 Rh1+ 41. Rg1 Rxg1+ 42. Qxg1 Qe6 43. Kd2 Qb3 44. Rb1 Qd5+ 45. Ke2 Qc4+ 46. Kf2 Qh4+ 47. Qg3 Qe4 48. Qc7+ Kg8 49. Rd1 Qh4+ 50. Ke2 Qh5+ 51. Kd2 Qxd1+ 52. Kxd1 h5 53. Qg3 Kg7 54. Ke2 Kh6 55. Kf2 g5 56. Qd6+ Kh7 57. Qf6 g4 58. Qxf5+ Kh6 59. Kg3 c5 60. Kh4 c4 61. Qxh5+ Kg7 62. Qxg4+ Kh6 63. Kg3 Kh7 64. Kf4 Kh6 65. Kf5 Kh7 66. Kf6 Kh8 67. Qg7# 1-0

[Event "Scarborough CC Jack Frost U1700"]
[Site "Toronto"]
[Date "2009.02.19"]
[Round "7"]
[White "Du, Robert"]
[Black "Dattani, Dinesh"]
[Result "0-1"]
[WhiteElo "1238"]
[BlackElo "1338"]
[PlyCount "58"]
[EventDate "2009.01.08"]
[EventType "swiss"]
[EventRounds "7"]
[EventCountry "CAN"]
[SourceTitle "EXT 2011"]
[Source "ChessBase"]
[SourceDate "2010.11.26"]
[SourceVersion "1"]
[SourceVersionDate "2010.11.26"]
[SourceQuality "1"]

1. e4 e5 2. Nf3 Nc6 3. Bb5 a6 4. Ba4 Nf6 5. 0-0 b5 6. Bb3 Bc5 7. Re1 0-0 8. c3 d6 9. h3 Bb7 10. Bc2 Re8 11. d3 h6 12. Be3 Bxe3 13. Rxe3 Nh5 14. Nbd2 Nf4 15. Nb3 Re6 16. Kh2 Rg6 17. g3 Qf6 18. gxf4 Qxf4+ 19. Kh1 Bc8 20. Qf1 Ne7 21. Ng1 Qh4 22. Ne2 Rf6 23. Kg1 Rg6+ 24. Rg3 Bxh3 25. Qe1 Bg4 26. Rc1 Bf3 27. Kf1 Qh1+ 28. Ng1 Rxg3 29. fxg3 Qg2# 0-1